LEADER 01515nam a2200289 u 4500 001 000000031347 003 CaOOAMICUS 005 20070226112129.0 008 971001s1994 it u000 u ita u 020 $a8814047642 035 $a10771146 040 $aPUL$bita 245 00$aInteressi religiosi e legislazione regionale :$batti del convegno di studi. Bologna, 14-15 maggio 1993 /$ca cura di Raffaele Botta. 260 $aMilano :$bGiuffrè,$c1994. 300 $avii, 559 p. ;$c25 cm 490 1 $aPubblicazioni della Facoltà di giurisprudenza dell'Università di Modena.$aDipartimento di scienze giuridiche.$aNuova serie ;$v27 504 $aBibliografia in nota. 700 1 $aBotta, Raffaele.$0(OLS)http://pul/name/25048 830 0$aPubblicazioni della Facoltà di giurisprudenza dell'Università di Modena.$pDipartimento di scienze giuridiche.$pNuova serie ;$v27.$0(OLS)http://pul/title/43104 850 $aPUL 852 $aPUL$W1$xSL Diritto Canonico 1$y5$m165 F 59$j43305$nBK-PRI$b $qStampati$B43305$CPULBib$Z2$F43305 $81 852 $aPUL$W1$xDP1 Fondo G. Barberini$y122$m3 E 60$j166418$nBK-PRI$b 2 copia$qFondi$B179288$CPULBib$Z2$F179288 $HBar1301 $81 941 1 $a1 941 1 $a8 996 $6020$a8814047642$9(OLS)http://pul/number/39317 996 $6245$aInteressi religiosi e legislazione regionale :$batti del convegno di studi. Bologna, 14-15 maggio 1993$9(OLS)http://pul/title/43103 996 $6260$aMilano :$bGiuffrè$9(OLS)http://pul/publisher/48401 LEADER 01014naa a2200229 u 4500 001 000000096471 003 CaOOAMICUS 005 20070226130146.0 008 041015s1993 enk u000 u eng u 020 $a0860783499 035 $a11011768 040 $aIAR$bita 100 1 $aMinnich, Nelson H.,$d1942-$0(OLS)http://pul/name/6676 245 14$aThe proposals for an episcopal college at Lateran V /$cNelson H. Minnich. 260 $aAldershot :$bVariorum,$c1993. 300 $a[20] S., ;$c23 cm 773 0 $aThe Fifth Lateran Council (1512-17) : Studies on its membership, diplomacy and proposals for reform. 773 0 $tCollected studies$gCS392 773 0 $aMinnich, Nelson H.$tThe Fifth Lateran Council (1512-17) : studies on its membership, diplomacy and proposal for reform$w()6556 996 $6020$a0860783499$9(OLS)http://pul/number/8447 996 $6245$aThe proposals for an episcopal college at Lateran V$9(OLS)http://pul/title/123348 996 $6260$aAldershot :$bVariorum$9(OLS)http://pul/publisher/48078